Statistics for Highest grossing worldwide Bollywood movies

Click here to take the quiz!

General Stats

  • This quiz has been taken 81 times
  • The average score is 4 of 10

Answer Stats

Year of release and world wide gross (us dollars)Answer% Correct
2016, 311 millionDangal
84%
2014, 140 millionpk
59%
2016, 96 millionsultan
49%
2015, 150 millionbajrangi bhaijaan
46%
2018, 90 millionsanju
30%
2019, 67 millionwar
30%
2018, 90 millionpadmaavat
28%
2013, 101 milliondhoom 3
27%
2017, 154 millionSecret superstar
23%
2018, 87 millionTiger zinda hai
20%

Score Distribution

Percentile by Number Answered

Percent of People with Each Score

Your Score History

You have not taken this quiz